Đang tải...
Dictionary of useful plants
| Tác giả chính: | |
|---|---|
| Định dạng: | Printed Book |
| Ngôn ngữ: | Undetermined English |
| Được phát hành: |
Emmaus
Rodale press
1974
|
| Những chủ đề: |
| LEADER | 00563nam a2200181Ia 4500 | ||
|---|---|---|---|
| 008 | 140306s9999 xx 000 0 und d | ||
| 041 | |a eng | ||
| 082 | |a 581.6 |b COO/DI | ||
| 100 | |a Coon, N | ||
| 245 | |a Dictionary of useful plants | ||
| 260 | |a Emmaus |b Rodale press |c 1974 | ||
| 300 | |a 290 | ||
| 365 | |b UKP.3.25 | ||
| 650 | |a Economic botany | ||
| 650 | |a Medicinal Plants | ||
| 942 | |2 ddc |c BK | ||
| 999 | |c 121254 |d 121254 | ||
| 952 | |0 0 |1 0 |2 ddc |4 0 |6 581_600000000000000_COODI |7 0 |9 120607 |a KAUHCV |b KAUHCV |d 2004-05-07 |g 3.25 |o 581.6 COO/DI |p KAU_HCV-10987 |r 2014-03-22 |w 2014-03-22 |y BK | ||